| 000 | 00512 a2200145 4500 | ||
|---|---|---|---|
| 020 | _a818128125X | ||
| 020 | _a9788181281258 | ||
| 090 |
_c572 _d572 |
||
| 100 | 1 | _aHonerkamp.J | |
| 245 | 1 | 0 |
_aStatistical physics : _ban advanced approach with applications / _cHonerkamp. |
| 260 |
_a[S.l.] : _bSpringer, India, Private Ltd, _c2002. |
||
| 300 | _a200 p. | ||
| 942 |
_aSNS _cBK _k530.13 HON |
||
| 999 |
_c29202 _d29202 |
||